Evaluation of reference services

Bibliographic Details
Other Authors: Fraley, Ruth A, Katz, Bill
Format: Book
Published: New York he Haworth Press , 1984
Subjects:

MARC

LEADER 00000cam a2200000 7i4500
001 0000001999
002 000002179
005 20000330.0
020 |a 0866563776 
090 0 0 |a 025.5   |b EVA 
245 0 0 |a Evaluation of reference services   |c edited by Bill Katz and Ruth A. Fraley 
260 |a New York he Haworth Press ,   |c 1984 
300 |a 334p. ;   |c 22 cm. 
650 0 0 |a Reference services (Libraries)   |x Evaluation   |x Addresses, essays, lectures 
700 1 |a Fraley, Ruth A 
700 1 |a Katz, Bill 
999 |a 033756   |b BUKU   |c RUJUKAN   |e PERPUSTAKAAN KOMUNITI PETALING JAYA